1675 1033 1027 1618 1755 1136 1087 1784 1290 1095 1520 2000 1082 1569 1039 1433 1388 1017 1795 1041 1247 1740 1286 1193 1624 1200 1840 1420 1358 1191 1386 1110 1091 1189 1763 1436 1409 1344 1700 1271 1827 1467 1673 1587 1875 1427 1404 1035 1665 1381 1455 1438 1994 1559 1320 1016 1303 1812 1370 1005 1178 1506 1970 1077 1766 1062 1276 1084 1284 1963 1475 1751 1463 1755 1962 1077 1193 1723 1124 1798 1259 1110 1362 1805 1840 1249 1747 1093 1562 1043 1608 1665 1705 1965 1187 1719 1624 1982 1025 BCNSPRNW ULIB Ver.6.0+V

เปลี่ยนเป็นภาษาไทย

Change to English
 แสดงรายละเอียดบรรณานุกรม
  กลับหน้าหลัก

Brief Record : Get Marc (ISO 2709) : E-mail record : QR code < ปิดหน้าต่าง
LEADER : 00000nas 2200000uu 4500
001    13399122960
003     ULIB
008    020711sมปป. th a 000 0 tha d
022    08575215
110    กองสนับสนุนสุขภาพภาคประชาชน
245    วารสารสุขภาพภาคประชาชนภาคเหนือ(วิทยาเขตนครสวรรค์)/^cกองสนับสนุนสุขภาพภาคประชาชน
260    นครสวรรค์ :^bทิศทางการพิมพ์,^cมปป.
310    ^aรายสองเดือน
850 ^a ULIB:campus^bปีที่ 25 ฉบับที่ 4 ;ปีที่ 26 ฉบับที่ 1 ;ปีที่ 27 ฉบับที่ 4 ฉ.1 ;ปีที่ 28 ฉบับที่ 1 ฉ.1 ;ปีที่ 29 ฉบับที่ 2 ฉ.1
850 ^a ULIB^bปีที่ 29 ฉบับที่ 3 ฉ.1
945    ^p0^l0^i800705
945    ^p0^l0^i800929
945    ^p0^l0^i801469
945    ^p0^l0^i801589
945    ^p0^l0^i802002
945    ^p0^l0^i904725
999    ^aทศพร เกษรทอง
รายการนี้ยังไม่มีแท็ก
คุณยังไม่ได้ล็อกอิน คุณสามารถมีกิจกรรมร่วมกับเว็บไซต์ได้ แต่ต้องล็อกอินก่อน ::
  ล็อกอิน

รายการสื่อสารสนเทศ (วารสาร)

ดูแบบ: กล่อง รายการ
ARRIVED
ปีที่ 25 ฉบับที่ 4
สถานที่: ห้องสมุดวิทยาเขตนครสวรรค์ >วารสาร
ARRIVED
ปีที่ 26 ฉบับที่ 1
สถานที่: ห้องสมุดวิทยาเขตนครสวรรค์ >วารสาร
ARRIVED
ปีที่ 27 ฉบับที่ 4 ฉ.1
สถานที่: ห้องสมุดวิทยาเขตนครสวรรค์ >วารสาร
ARRIVED
ปีที่ 28 ฉบับที่ 1 ฉ.1
สถานที่: ห้องสมุดวิทยาเขตนครสวรรค์ >วารสาร
ARRIVED
ปีที่ 29 ฉบับที่ 2 ฉ.1
สถานที่: ห้องสมุดวิทยาเขตนครสวรรค์ >วารสาร
ARRIVED
ปีที่ 29 ฉบับที่ 3 ฉ.1
สถานที่: ห้องสมุดวิทยาเขตสวรรค์ประชารักษ์ >วารสาร

BibComment


ยังไม่เคยถูกคอมเมนท์

คอมเมนท์ทรัพยากรรายการนี้
  คอมเมนท์: วารสารสุขภาพภาคปร..


 Copyright 2026. Bcnsprnw @Library